Normal view
MARC view
Entry Personal Name
001 - CONTROL NUMBER
- control field: 562537
003 - CONTROL NUMBER IDENTIFIER
- control field: OSt
005 - DATE AND TIME OF LATEST TRANSACTION
- control field: 20220930193650.0
008 - FIXED-LENGTH DATA ELEMENTS
- fixed length control field: 220930|| aca||aabn | a|a d
040 ## - CATALOGING SOURCE
- Original cataloging agency: OSt
- Transcribing agency: OSt
100 ## - HEADING--PERSONAL NAME
- Personal name: Ganesh Kumar R
670 ## - SOURCE DATA FOUND
- Source citation: Work cat.: (OSt)896759: Ganesh Kumar R, Study of hyperinsulinemia in essential hypertension, 1992
